| 000 | 00354nam a2200145Ia 4500 | ||
|---|---|---|---|
| 005 | 20240814115823.0 | ||
| 008 | 240813s9999||||xx |||||||||||||| ||und|| | ||
| 082 | _a500 KEP | ||
| 100 | _aKepps, Gerald E. | ||
| 245 | 0 | _aModern marvels of science | |
| 260 |
_aLondon _bWard, Lock and Company Ltd _c1956 |
||
| 300 | _a64p | ||
| 650 | _aScience | ||
| 942 | _cBK | ||
| 999 |
_c2825 _d2825 |
||